[Event "ECU-ch U20"]
[Site "Guayaquil"]
[Date "2020.02.21"]
[Round "5"]
[White "Sanchez Uriguen, Michael Edinson"]
[Black "Caceres Limones, Danilo"]
[Result "1-0"]
[WhiteElo "1963"]
[BlackElo "1610"]
[PlyCount "59"]
[EventDate "2020.02.19"]
[EventType "swiss"]
[EventRounds "9"]
[EventCountry "ECU"]
[SourceTitle "CBM 195 Extra"]
[Source "ChessBase"]
[SourceDate "2020.05.31"]
[SourceVersion "1"]
[SourceVersionDate "2020.05.31"]
[SourceQuality "1"]

1. e4 e5 2. Nf3 d6 3. Bc4 Be7 4. c3 Nf6 5. d3 0-0 6. Nbd2 c6 7. h3 Nbd7 8. 0-0 b5 9. Bb3 Qc7 10. Re1 Nc5 11. Bc2 Ne6 12. Nf1 Rd8 13. d4 g6 14. Bh6 Nh5 15. Qd2 Nef4 16. Ng3 Bf6 17. Nxh5 Nxh5 18. g4 Ng7 19. Bb3 c5 20. Bd5 Bb7 21. Bg5 Ne8 22. Bxb7 Qxb7 23. d5 Rab8 24. Bxf6 Nxf6 25. Nh2 b4 26. c4 Kg7 27. f4 Qe7 28. Nf3 Nd7 29. Re2 f6 30. g5 1-0